<?xml version="1.0" encoding="UTF-8"?>
<collection xmlns="http://www.loc.gov/MARC21/slim">
 <record>
  <leader>00519nam a22001695a 4500</leader>
  <controlfield tag="001">EHU.bham009992</controlfield>
  <controlfield tag="003">AR-BHAM</controlfield>
  <controlfield tag="005">20080417150819.0</controlfield>
  <controlfield tag="008">130507s1916##################000#0#####d</controlfield>
  <datafield tag="082" ind1="A" ind2="8">
   <subfield code="a">861.1</subfield>
  </datafield>
  <datafield tag="100" ind1="1" ind2=" ">
   <subfield code="a">Tejeda, Luis De</subfield>
  </datafield>
  <datafield tag="245" ind1="1" ind2="0">
   <subfield code="a">El peregrino en babilonia y otros poemas /</subfield>
   <subfield code="c">Luis De Tejeda</subfield>
  </datafield>
  <datafield tag="260" ind1=" " ind2=" ">
   <subfield code="a">Buenos Aires :</subfield>
   <subfield code="b">La Facultad,</subfield>
   <subfield code="c">1916</subfield>
  </datafield>
  <datafield tag="300" ind1=" " ind2=" ">
   <subfield code="a">287 p.</subfield>
  </datafield>
  <datafield tag="490" ind1="0" ind2=" ">
   <subfield code="a">Bibl.argentina, 10</subfield>
  </datafield>
  <datafield tag="653" ind1=" " ind2=" ">
   <subfield code="a">Poesia argentina-1519-1826</subfield>
  </datafield>
  <datafield tag="859" ind1=" " ind2=" ">
   <subfield code="a">AR-BHAM</subfield>
   <subfield code="b">BIB. HUMANIDADES - General</subfield>
   <subfield code="h">A861.1</subfield>
   <subfield code="i">T235</subfield>
   <subfield code="k">A</subfield>
   <subfield code="p">366.92</subfield>
   <subfield code="t">Ej.1</subfield>
  </datafield>
 </record>
</collection>
